Super Mario Games - Statistics

General Stats
  • This quiz has been taken 95 times
    86 since last reset
  • The average score is 98 of 269
Answer Stats
Hint Answer % Correct
NES/FC Super Mario Bros. / Duck Hunt
100%
Famicom | Game & Watch | NES/FC Super Mario Bros.
100%
NES/FC Super Mario Bros. / Duck Hunt / Track Meet
100%
Wii Super Mario Galaxy
85%
Arcade | Famicom | Game & Watch | +2 others Donkey Kong
82%
N64 Super Mario 64
82%
Wii Super Mario Galaxy 2
81%
N64 Mario Party
79%
DS New Super Mario Bros.
79%
Wii U Super Mario 3D World
78%
GameCube Super Mario Sunshine
78%
GameCube Mario Party 7
76%
Wii Mario Party 8
76%
Wii Mario Party 9
76%
Wii U Mario Kart 8
75%
NES/FC Super Mario Bros. 2
75%
Famicom Super Mario Bros. 2 / The Lost Levels
75%
Switch Super Mario Odyssey
75%
SNES/SFC Super Mario World
75%
Wii U Mario Party 10
74%
N64 Mario Party 2
74%
N64 Mario Party 3
74%
GameCube Mario Party 4
74%
GameCube Mario Party 5
74%
3DS Super Mario 3D Land
74%
GameCube Mario Party 6
72%
GameBoy Super Mario Land
72%
N64 Super Smash Bros.
72%
Switch Mario Kart 8 Deluxe
71%
3DS New Super Mario Bros. 2
71%
Wii U New Super Mario Bros. U
71%
Mobile Super Mario Run
69%
GameBoy | NES/FC Yoshi
69%
3DS | GameCube Luigi's Mansion
68%
Arcade | Game & Watch | NES/FC Mario Bros.
68%
Wii Mario Kart Wii
68%
GameBoy Color | N64 Mario Tennis
68%
Wii New Super Mario Bros. Wii
68%
N64 Paper Mario
68%
DS Mario Kart DS
66%
NES/FC Super Mario Bros. 3
66%
Switch Luigi's Mansion 3
63%
GameBoy Color | N64 Mario Golf
63%
GameCube Mario Kart: Double Dash!!
63%
Switch Super Mario Party
63%
Wii Super Smash Bros. Brawl
63%
GameCube Super Smash Bros. Melee
63%
Switch Super Smash Bros. Ultimate
63%
GameBoy | NES/FC Dr. Mario
62%
GameCube | Switch Paper Mario: The Thousand-Year Door
62%
Mobile Mario Kart Tour
60%
GBA | Switch Mario vs. Donkey Kong
60%
Switch New Super Mario Bros. U Deluxe
60%
3DS Luigi's Mansion: Dark Moon / 2
59%
Switch Super Mario Bros. Wonder
57%
Game & Watch Donkey Kong 2
56%
DS Mario & Luigi: Bowser's Inside Story
56%
Wii U Paper Mario: Color Splash
56%
Switch Paper Mario: The Origami King
56%
Wii Super Paper Mario
56%
Arcade Donkey Kong 3
54%
Switch Mario Party Superstars
54%
3DS Paper Mario: Sticker Star
54%
Switch Princess Peach: Showtime!
54%
GBA Mario & Luigi: Superstar Saga
53%
DS | Wii Mario & Sonic at the Olympic Games
53%
Wii U Super Mario Maker
53%
PC/Philips CD-i Hotel Mario
51%
Switch Mario & Luigi: Brothership
51%
Switch Mario Tennis Aces
51%
SNES/SFC Super Mario Kart
51%
Switch Super Mario Maker 2
51%
DS Super Princess Peach
51%
Switch | Wii U Captain Toad: Treasure Tracker
50%
3DS Mario Kart 7
50%
DS Mario & Luigi: Partners in Time
50%
Switch Mario + Rabbids Kingdom Battle
49%
Wii Mario Super Sluggers
49%
Switch Super Mario Party Jamboree
49%
Switch Super Mario RPG
49%
Switch Yoshi's Crafted World
49%
3DS Mario & Luigi: Paper Jam
47%
DS Mario Party DS
47%
3DS Mario Party: Island Tour
47%
NES/FC | PC/Philips CD-i | SNES/SFC Mario is Missing!
46%
Switch Mario + Rabbids: Sparks of Hope
46%
Wii U New Super Luigi U
46%
SNES/SFC Super Mario All-Stars
46%
GameCube Super Mario Strikers
46%
3DS Mario & Luigi: Dream Team
44%
Switch Super Mario 3D All-Stars
44%
3DS Mario Party: The Top 100
43%
Switch Mario Strikers: Battle League
43%
Wii Mario Strikers Charged
43%
PC/Philips CD-i Mario Teaches Typing
43%
Switch Super Mario 3D World + Bowser's Fury
43%
GameCube Mario Golf: Toadstool Tour
41%
3DS | Wii Mario & Sonic at the London 2012 Olympic Games
41%
3DS Super Smash Bros. for 3DS
41%
3DS Mario Golf: World Tour
40%
DS | Wii Mario & Sonic at the Olympic Winter Games
40%
3DS Yoshi's New Island
40%
Game & Watch | Arcade | Famicom | +2 others Donkey Kong Jr.
38%
Mobile Dr. Mario World
38%
Switch Luigi's Mansion 2 HD
38%
N64 Mario Kart 64
38%
3DS Mario Party: Star Rush
38%
3DS | Wii U Mario & Sonic at the Rio 2016 Olympic Games
38%
Wii U Super Smash Bros. for Wii U
38%
3DS Mario & Luigi: Superstar Saga + Bowser's Minions
37%
3DS Mario & Luigi: Bowser's Inside Story + Bowser Jr's Journey
35%
Switch Mario & Sonic at the Olympic Games Tokyo 2020
35%
Wii U Mario & Sonic at the Sochi 2014 Olympic Winter Games
35%
NES/FC | PC/Philips CD-i | SNES/SFC Mario's Time Machine
35%
3DS Mario Tennis Open
35%
DS Super Mario 64 DS
35%
Wii U Yoshi's Woolly World
34%
3DS Mario Sports Superstars
32%
GameBoy Tetris
32%
SNES/SFC Mario Paint
31%
SNES/SFC Mario & Wario
28%
DSi Dr. Mario Express
26%
GBA Mario Kart: Super Circuit
26%
DS Mario vs. Donkey Kong: Mini-Land Mayhem
26%
GBA Super Mario Advance
24%
SNES/SFC Super Mario World 2: Yoshi's Island
24%
Switch Mario Golf: Super Rush
22%
GBA Mario Party Advance
21%
SNES/SFC Super Mario RPG: Legend of the Seven Stars
21%
GameBoy Super Mario Land 2: 6 Golden Coins
19%
DSi Mario vs. Donkey Kong: Minis March Again!
18%
N64 Yoshi's Story
18%
Wii Mario Sports Mix
16%
Wii U Mario Tennis: Ultra Smash
16%
GameBoy Color Super Mario Bros. Deluxe
16%
Arcade Mario Kart Arcade GP
15%
GBA Super Mario Advance 2: Super Mario World
15%
GBA Super Mario Advance 3: Yoshi's Island
15%
Famicom | NES/FC Wrecking Crew
15%
GameBoy | NES/FC | SNES/SFC Yoshi's Cookie
15%
DS Yoshi's Island DS
15%
NES/FC Golf
13%
Famicom | GameBoy Golf
13%
DS Mario Hoops 3-on-3
13%
GameCube Mario Superstar Baseball
13%
GBA Super Mario Advance 4: Super Mario Bros. 3
13%
SNES/SFC Yoshi's Safari
13%
Wii U Dr. Luigi
12%
N64 Dr. Mario 64
12%
GameCube Mario Power Tennis
12%
Virtual Boy Mario's Tennis
12%
Virtual Boy Mario Clash
10%
Arcade Mario Kart Arcade GP 2
10%
3DS | Wii U Mario vs. Donkey Kong: Tipping Stars
10%
SNES/SFC Wario's Woods
10%
GameCube Dance Dance Revolution: Mario Mix
9%
GBA Mario Golf: Advance Tour
9%
Switch Mario Kart Live: Home Circuit
9%
GameBoy Mario's Picross
9%
GBA Mario Tennis: Power Tour
9%
DS Mario vs. Donkey Kong 2: March of the Minis
9%
Switch Super Mario Bros. 35
9%
GameBoy Wario Land: Super Mario Land 3
9%
GBA Yoshi Topsy-Turvy / Yoshi's Universal Gravitation
9%
Wii Fortune Street
7%
GameBoy Game & Watch Gallery
7%
Arcade Mario Kart Arcade GP DX
7%
GBA Mario Pinball Land
7%
NES/FC NES Open Tournament Golf
7%
DS Yoshi Touch & Go
7%
Arcade Vs. Super Mario Bros.
6%
Game & Watch Donkey Kong Circus
6%
SNES/SFC Excitebike: Bun Bun Mario Battle Stadium
6%
3DS Mario and Donkey Kong: Minis on the Move
6%
PC/Philips CD-i Mario Teaches Typing 2
6%
Game & Watch Mario the Juggler
6%
3DS | Wii U Mini Mario & Friends: amiibo Challenge
6%
3DS Super Mario Maker for 3DS
6%
GameBoy Tetris Attack
6%
SNES/SFC Wrecking Crew '98
6%
GameBoy Alleyway
4%
3DS Dr. Mario: Miracle Cure
4%
Wii Dr. Mario Online Rx
4%
Famicom Famicom Grand Prix 2: 3D Hot Rally
4%
GameBoy | GameBoy Color Game & Watch Gallery 2
4%
GameBoy Color Game & Watch Gallery 3
4%
GBA Game & Watch Gallery Advance
4%
Famicom I am a Teacher: Super Mario Sweater
4%
N64 Disk Drive Mario Artist: Paint Studio
4%
N64 Mario no Photopi
4%
GBA Mario Party -e
4%
Arcade | Game & Watch Mario's Cement Factory
4%
SNES/SFC Mario's Early Years! Fun with Letters
4%
SNES/SFC Mario's Early Years! Fun with Numbers
4%
SNES/SFC Mario's Early Years! Preschool Fun
4%
PC/Philips CD-i Mario's Game Gallery
4%
SNES/SFC Mario's Super Picross
4%
Wii U NES Remix
4%
Wii U NES Remix 2
4%
Famicom | NES/FC Pinball
4%
3DS Puzzle & Dragons Z + Super Mario Bros. Edition
4%
PC/Philips CD-i Super Mario Bros. Special
4%
SNES/SFC Tetris & Dr. Mario
4%
DS Tetris DS
4%
3DS Ultimate NES Remix
4%
DS Yakuman DS
4%
Famicom All Night Nippon Super Mario Bros.
3%
GBA Classic NES Series: Super Mario Bros.
3%
NES/FC Donkey Kong Classics
3%
Game & Watch Donkey Kong Hockey
3%
GBA Dr. Mario & Puzzle League
3%
Famicom Famicom Grand Prix: F-1 Race
3%
DS Game & Watch Collection
3%
DS Game & Watch Collection 2
3%
Famicom Golf: Japan Course
3%
Famicom Golf: US Course
3%
DS Itadaki Street DS
3%
Arcade Luigi's Mansion Arcade
3%
N64 Disk Drive Mario Artist: Communication Kit
3%
N64 Disk Drive Mario Artist: Polygon Studio
3%
N64 Disk Drive Mario Artist: Talent Studio
3%
Game & Watch Mario Bombs Away
3%
PC/Philips CD-i Mario Bros. Special
3%
Arcade Mario Kart Arcade GP VR
3%
GameBoy Mario's Picross 2
3%
3DS Poochy & Yoshi's Woolly World
3%
PC/Philips CD-i Punch Ball Mario Bros.
3%
Famicom Return of Mario Bros.
3%
Wii Super Mario All-Stars (25th Anniversary)
3%
Wii New Play Control! Mario Power Tennis
1%
No matching quizzes found
Score Distribution
Percent of People with Each Score
Percentile by Number Answered
Your Score History
You have not taken this quiz since the last reset